000 00221nam a2200085Ia 4500
008 120527s9999 xx 000 0 und d
100 _aGIMMIN &NICHOLSON
245 _aAviation medicine and the airline passenger
942 _cBK
999 _c25738
_d25738